000 00933nam a22002057a 4500
001 BD-DhSAU 4739
003 BD-DhSAU
005 20150225124621.0
008 150225b1983 ii a||||r|||| 000 0 ben d
040 _aBD-DhSAU
082 _222
_a---
_bবঙ্কিম
245 _aবঙ্কিম রচনাবলী দ্বিতীয় খন্ড /
_cপ্রফুল্লকুমার পাত্র সম্পাদিত
260 _aকলিকাতা :
_bপাত্র'জ পাবলিকেশন,
_c১৯৭৩.
300 _axv, ৮১৬ পৃ. :
_bচিত্র ;
_c২২ সেমি।
440 _aসাহিত্য সমগ্র
_n২য় খন্ড
590 _ajoy
650 _aবাংলা সাহিত্য।
_vবঙ্কিম রচনাবলী
650 _aBengali Literature.
_vBankim
700 _aপাত্র, প্রফুল্লকুমার
942 _2ddc
_cBOOK
999 _c4739
_d4739